000 01812nam a22001457a 4500
999 _c531697
_d531697
008 251008b ||||| |||| 00| 0 eng d
100 _aSubramaniam, Anuza and Karunakaran, Kalpana
_957084
245 _aReworking ‘flexibility’: Work-from-home experiences of first-generation graduates employed in the Indian information technology sector
260 _aThe Indian Journal of Labour Economies
300 _a68(2), Apr-Jun, 2025: p.665-679
520 _aThe COVID-19 pandemic and the associated national lockdowns led to the widespread implementation of Work-from-Home (WFH) in India’s information technology (IT) sector. Since the end of the pandemic, many companies have adopted hybrid models of work that combine WFH as well as the office. In the light of these developments, this paper explores the gendered dimensions of a ‘flexible’ strategy such as WFH for women and men workers during the pandemic and its changing contours with the passage of time. By focussing on first-generation graduates, the paper shows how IT employees’ homes were re-constituted as workplaces in familial settings marked by the absence of social and economic privilege. Drawing on scholarship on flexible labour in globalised workspaces, this paper discusses how pre-existing work flexibility was both intensified and recalibrated in the WFH regime with both employees and managers seeking to mould workplace flexibility to meet their specific and conflicting needs. Keywords: Information Technology (IT), work-from-home (WFH), flexible work, gender, India. – Reproduced https://link.springer.com/article/10.1007/s41027-024-00550-0
650 _aInformation technology (IT). Work-from-home (WFH). Flexible work. Gender. India.
_957085
773 _aThe Indian Journal of Labour Economies
942 _cAR